=LDR 00000nam 2200000 4500 =001 INLIS000000000014622 =005 20130612105912 =008 ***********************************Ind** =035 ##$$0010-061300000014622 =041 ##$$a Ind =082 ##$$a 640 =090 ##$$a 640, sub b =100 ##$$a Subroto, Thomas =245 ##$$a Penunjuk praktis pengaturan ekonomi rumah tangga, Thomas subroto =260 ##$$a 1993 $b Sermarang =300 ##$$a viii, 160 hlm, ilus, 21 cm =650 ##$$a Kesejahteraan keluarga =850 ##$$a NBPNMAT